000 00327nam a22001337a 4500
008 171030b xxu||||| |||| 00| 0 eng d
020 _a9024734434460
041 _aeng
080 _a338.5
100 _a57
101 _aQMI
245 _aTHE EUROPEAN MONTERARY SYSTEM PAST PRESENT AND FUTURE
_cCOFFEY.P
942 _2udc
_cBK
999 _c36515
_d36515